[Event "European Chess Club Cup 2023"]
[Site "Durres, Albania"]
[Date "2023.10.05"]
[Round "5.27"]
[White "Kraus, Tomas"]
[Black "Erdos, Viktor"]
[Result "1/2-1/2"]
[TimeControl "90' + 30' & 30\""]
[WhiteElo "2491"]
[BlackElo "2559"]

1. e4 {[%clk 01:30:55]} {[%emt 00:00:04]} e5 {[%clk 01:27:02]} {[%emt
00:03:58]} 2. Nf3 {[%clk 01:30:54]} {[%emt 00:00:31]} Nf6 {[%clk 01:27:28]}
{[%emt 00:00:05]} 3. Nc3 {[%clk 01:28:23]} {[%emt 00:03:01]} Nc6 {[%clk
01:27:14]} {[%emt 00:00:44]} 4. d4 {[%clk 01:28:09]} {[%emt 00:00:43]} exd4
{[%clk 01:27:39]} {[%emt 00:00:06]} 5. Nxd4 {[%clk 01:28:34]} {[%emt 00:00:05]}
Bb4 {[%clk 01:28:05]} {[%emt 00:00:04]} 6. Nxc6 {[%clk 01:28:32]} {[%emt
00:00:33]} bxc6 {[%clk 01:28:30]} {[%emt 00:00:05]} 7. Bd3 {[%clk 01:28:42]}
{[%emt 00:00:19]} d5 {[%clk 01:28:55]} {[%emt 00:00:05]} 8. Bd2 {[%clk
01:27:22]} {[%emt 00:01:50]} O-O {[%clk 01:28:11]} {[%emt 00:01:14]} 9. O-O
{[%clk 01:27:24]} {[%emt 00:00:28]} Rb8 {[%clk 01:19:59]} {[%emt 00:08:42]} 10.
Re1 {[%clk 01:26:29]} {[%emt 00:01:24]} Bg4 {[%clk 01:17:21]} {[%emt 00:03:09]}
11. Qc1 {[%clk 01:26:17]} {[%emt 00:00:42]} Re8 {[%clk 01:17:44]} {[%emt
00:00:07]} 12. exd5 {[%clk 01:25:42]} {[%emt 00:01:04]} Rxe1+ {[%clk 01:14:18]}
{[%emt 00:03:56]} 13. Qxe1 {[%clk 01:26:07]} {[%emt 00:00:05]} cxd5 {[%clk
01:14:39]} {[%emt 00:00:10]} 14. h3 {[%clk 01:24:36]} {[%emt 00:02:00]} Bd7
{[%clk 01:02:01]} {[%emt 00:13:08]} 15. a3 {[%clk 01:10:57]} {[%emt 00:14:10]}
Bd6 {[%clk 01:01:41]} {[%emt 00:00:50]} 16. b4 {[%emt 00:05:40]} c5 {[%clk
00:58:13]} 17. bxc5 {[%clk 01:00:27]} {[%emt 00:09:47]} Bxc5 {[%emt 00:02:24]}
18. Qe5 {[%clk 00:58:46]} Be6 {[%clk 00:55:28]} {[%emt 00:03:32]} 19. Bf4
{[%clk 00:54:07]} {[%emt 00:05:08]} Rc8 {[%clk 00:50:34]} {[%emt 00:05:25]} 20.
Nb5 {[%clk 00:43:54]} {[%emt 00:10:43]} Nd7 {[%clk 00:36:45]} {[%emt 00:14:19]}
21. Qe1 {[%clk 00:26:17]} {[%emt 00:18:07]} Qf6 {[%clk 00:20:01]} {[%emt
00:17:14]} 22. Bg3 {[%clk 00:25:56]} {[%emt 00:00:51]} Qg5 {[%clk 00:19:58]}
{[%emt 00:00:33]} 23. Kh2 {[%clk 00:22:20]} {[%emt 00:04:06]} Qe7 {[%clk
00:19:14]} {[%emt 00:01:13]} 24. Rb1 {[%clk 00:18:40]} {[%emt 00:04:10]} Nf6
{[%clk 00:16:59]} {[%emt 00:02:46]} 25. Qe5 {[%clk 00:13:29]} {[%emt 00:05:41]}
Ne4 {[%clk 00:10:58]} {[%emt 00:06:30]} 26. Bxe4 {[%clk 00:12:25]} {[%emt
00:01:35]} dxe4 {[%clk 00:11:25]} {[%emt 00:00:03]} 27. Qxe4 {[%clk 00:10:29]}
{[%emt 00:02:27]} a6 {[%clk 00:09:08]} {[%emt 00:02:46]} 28. Nd4 {[%clk
00:09:52]} {[%emt 00:01:06]} Bxd4 {[%clk 00:09:34]} {[%emt 00:00:05]} 29. Qxd4
{[%clk 00:10:17]} {[%emt 00:00:05]} Qxa3 {[%clk 00:09:51]} {[%emt 00:00:13]} 30.
Ra1 {[%clk 00:07:00]} {[%emt 00:03:47]} Qc3 {[%clk 00:10:08]} {[%emt 00:00:11]}
31. Qxc3 {[%clk 00:06:57]} {[%emt 00:00:35]} Rxc3 {[%clk 00:10:36]} {[%emt
00:00:02]} 32. Rxa6 {[%clk 00:07:19]} {[%emt 00:00:08]} Rxc2 {[%clk 00:10:54]}
{[%emt 00:00:11]} 33. Ra8+ {[%clk 00:07:46]} {[%emt 00:00:04]} Rc8 {[%clk
00:11:21]} {[%emt 00:00:04]} 34. Rxc8+ {[%clk 00:08:12]} {[%emt 00:00:04]} Bxc8
{[%clk 00:11:48]} {[%emt 00:00:03]} 1/2-1/2

[Event "European Chess Club Cup 2023"]
[Site "Durres, Albania"]
[Date "2023.10.05"]
[Round "5.28"]
[White "Saric, Ivan"]
[Black "Baidetskyi, Valentin"]
[Result "1-0"]
[TimeControl "90' + 30' & 30\""]
[WhiteElo "2647"]
[BlackElo "2471"]

1. e4 {[%clk 01:30:58]} {[%emt 00:00:02]} e6 {[%clk 01:30:52]} {[%emt
00:00:08]} 2. d4 {[%clk 01:31:07]} {[%emt 00:00:21]} d5 {[%clk 01:31:21]} 3.
Nc3 {[%clk 01:31:28]} {[%emt 00:00:09]} Nf6 {[%clk 01:31:49]} {[%emt 00:00:02]}
4. e5 {[%clk 01:31:26]} {[%emt 00:00:32]} Nfd7 {[%clk 01:32:12]} {[%emt
00:00:07]} 5. f4 {[%clk 01:31:52]} {[%emt 00:00:04]} c5 {[%clk 01:32:37]}
{[%emt 00:00:05]} 6. Nf3 {[%clk 01:32:19]} {[%emt 00:00:03]} Nc6 {[%clk
01:33:06]} {[%emt 00:00:01]} 7. Be3 {[%clk 01:31:05]} {[%emt 00:01:44]} Be7
{[%clk 01:33:34]} {[%emt 00:00:02]} 8. Qd2 {[%clk 01:31:01]} {[%emt 00:00:34]}
a6 {[%clk 01:34:03]} {[%emt 00:00:02]} 9. Ne2 {[%clk 01:28:20]} {[%emt
00:03:10]} O-O {[%clk 01:34:19]} {[%emt 00:00:14]} 10. Ng3 {[%clk 01:25:09]}
{[%emt 00:03:41]} cxd4 {[%clk 01:16:44]} {[%emt 00:18:06]} 11. Nxd4 {[%clk
01:24:07]} {[%emt 00:01:31]} Nxd4 {[%clk 01:15:08]} {[%emt 00:02:06]} 12. Bxd4
{[%clk 01:24:30]} {[%emt 00:00:06]} f6 {[%clk 01:15:35]} {[%emt 00:00:04]} 13.
exf6 {[%clk 01:15:45]} {[%emt 00:09:15]} Bxf6 {[%clk 01:15:56]} {[%emt
00:00:08]} 14. O-O-O {[%clk 01:12:32]} {[%emt 00:03:44]} Bxd4 {[%clk 00:54:28]}
{[%emt 00:21:57]} 15. Qxd4 {[%clk 01:12:50]} {[%emt 00:00:13]} Qf6 {[%clk
00:54:30]} {[%emt 00:00:29]} 16. f5 {[%clk 01:03:48]} {[%emt 00:09:31]} Qxd4
{[%clk 00:40:47]} {[%emt 00:14:13]} 17. Rxd4 {[%clk 01:04:13]} {[%emt
00:00:05]} exf5 {[%clk 00:41:14]} {[%emt 00:00:03]} 18. Rxd5 {[%clk 01:03:42]}
{[%emt 00:01:00]} Nf6 {[%clk 00:41:02]} {[%emt 00:00:43]} 19. Rd4 {[%clk
01:01:46]} {[%emt 00:02:26]} b5 {[%clk 00:28:50]} {[%emt 00:12:43]} 20. a4
{[%clk 00:56:34]} {[%emt 00:05:41]} Bd7 {[%clk 00:28:31]} {[%emt 00:00:50]} 21.
Bd3 {[%clk 00:52:06]} {[%emt 00:04:57]} g6 {[%clk 00:28:38]} {[%emt 00:00:23]}
22. a5 {[%clk 00:50:35]} {[%emt 00:02:01]} Bc6 {[%clk 00:26:34]} {[%emt
00:02:35]} 23. Rd6 {[%clk 00:35:52]} {[%emt 00:15:12]} Bxg2 {[%clk 00:19:00]}
{[%emt 00:08:04]} 24. Rg1 {[%clk 00:36:13]} {[%emt 00:00:09]} Ne4 {[%clk
00:19:10]} {[%emt 00:00:20]} 25. Rb6 {[%clk 00:11:05]} {[%emt 00:25:38]} Bf3
{[%clk 00:13:13]} {[%emt 00:06:27]} 26. Rf1 {[%clk 00:11:02]} {[%emt 00:00:33]}
Ng5 {[%clk 00:05:52]} {[%emt 00:07:51]} 27. h4 {[%clk 00:09:15]} {[%emt
00:02:18]} f4 {[%clk 00:06:18]} {[%emt 00:00:03]} 28. Nf5 {[%clk 00:09:32]}
{[%emt 00:00:13]} gxf5 {[%clk 00:04:03]} {[%emt 00:02:45]} 29. hxg5 {[%clk
00:09:58]} {[%emt 00:00:04]} Be4 {[%clk 00:04:30]} {[%emt 00:00:04]} 30. Rxf4
{[%clk 00:09:58]} {[%emt 00:00:30]} Bxd3 {[%clk 00:04:53]} {[%emt 00:00:06]} 31.
cxd3 {[%clk 00:10:24]} {[%emt 00:00:04]} Kg7 {[%clk 00:05:02]} {[%emt
00:00:21]} 32. Kd2 {[%clk 00:10:25]} {[%emt 00:00:29]} Ra7 {[%clk 00:04:28]}
{[%emt 00:01:04]} 33. Rh6 {[%clk 00:08:50]} {[%emt 00:02:05]} Rc7 {[%clk
00:02:55]} {[%emt 00:02:03]} 34. Rxa6 {[%clk 00:07:13]} {[%emt 00:02:06]} Rfc8
{[%clk 00:03:24]} {[%emt 00:00:02]} 35. Rxf5 {[%clk 00:06:25]} {[%emt
00:01:19]} Rc2+ {[%clk 00:03:52]} {[%emt 00:00:01]} 36. Ke3 {[%clk 00:06:50]}
{[%emt 00:00:05]} Rxb2 {[%clk 00:04:10]} {[%emt 00:00:12]} 37. Rb6 {[%clk
00:06:07]} {[%emt 00:01:13]} b4 {[%clk 00:04:33]} {[%emt 00:00:08]} 38. Rd5
{[%clk 00:05:31]} {[%emt 00:01:05]} Rc7 {[%clk 00:04:32]} {[%emt 00:00:31]} 39.
a6 {[%clk 00:04:58]} {[%emt 00:01:03]} Re7+ {[%clk 00:02:21]} {[%emt 00:02:41]}
40. Kd4 {[%clk 00:05:24]} {[%emt 00:00:05]} Ra2 {[%clk 00:02:44]} {[%emt
00:00:06]} 41. Rb7 {[%clk 00:04:59]} {[%emt 00:00:54]} Kf8 {[%clk 00:03:03]}
{[%emt 00:00:12]} 42. Rd8+ {[%clk 00:05:09]} {[%emt 00:00:20]} Kf7 {[%clk
00:03:32]} {[%emt 00:00:01]} 43. Rh8 {[%clk 00:05:09]} {[%emt 00:00:30]} 1-0

[Event "European Chess Club Cup 2023"]
[Site "Durres, Albania"]
[Date "2023.10.05"]
[Round "5.29"]
[White "Stevik, Patrik"]
[Black "Brkic, Ante"]
[Result "0-1"]
[TimeControl "90' + 30' & 30\""]
[WhiteElo "2169"]
[BlackElo "2606"]

1. Nf3 {[%clk 01:30:56]} {[%emt 00:00:04]} d5 {[%clk 01:30:32]} {[%emt
00:00:28]} 2. d4 {[%clk 01:29:58]} {[%emt 00:01:28]} Nf6 {[%clk 01:30:47]}
{[%emt 00:00:15]} 3. c4 {[%clk 01:29:58]} {[%emt 00:00:31]} e6 {[%clk
01:31:08]} {[%emt 00:00:08]} 4. g3 {[%clk 01:29:27]} {[%emt 00:01:01]} Bb4+
{[%clk 01:28:31]} {[%emt 00:03:07]} 5. Bd2 {[%clk 01:29:46]} {[%emt 00:00:12]}
Be7 {[%clk 01:28:22]} {[%emt 00:00:39]} 6. Bg2 {[%clk 01:29:04]} {[%emt
00:01:11]} O-O {[%clk 01:28:42]} {[%emt 00:00:10]} 7. Qc2 {[%clk 01:28:43]}
{[%emt 00:00:51]} Nbd7 {[%clk 01:28:36]} {[%emt 00:00:36]} 8. O-O {[%clk
01:27:21]} {[%emt 00:01:51]} c6 {[%clk 01:29:01]} {[%emt 00:00:06]} 9. b3
{[%clk 01:24:41]} {[%emt 00:03:11]} b6 {[%clk 01:20:41]} {[%emt 00:08:50]} 10.
Rc1 {[%clk 01:19:57]} {[%emt 00:05:13]} Bb7 {[%clk 01:12:46]} {[%emt 00:08:25]}
11. a4 {[%clk 01:16:13]} {[%emt 00:04:14]} a5 {[%clk 01:11:01]} {[%emt
00:02:15]} 12. Nc3 {[%clk 01:14:21]} {[%emt 00:02:22]} Rc8 {[%clk 01:10:02]}
{[%emt 00:01:29]} 13. cxd5 {[%clk 01:07:34]} {[%emt 00:07:17]} exd5 {[%clk
01:08:21]} {[%emt 00:02:10]} 14. Bh3 {[%clk 01:03:41]} {[%emt 00:04:24]} Ra8
{[%clk 00:53:21]} {[%emt 00:15:30]} 15. Bf4 {[%clk 01:00:34]} {[%emt 00:03:37]}
h6 {[%clk 00:48:08]} {[%emt 00:05:43]} 16. Be5 {[%clk 00:51:52]} {[%emt
00:09:11]} Re8 {[%clk 00:43:39]} {[%emt 00:05:00]} 17. Rd1 {[%clk 00:46:27]}
{[%emt 00:05:55]} Nf8 {[%clk 00:34:57]} {[%emt 00:09:12]} 18. e3 {[%clk
00:25:35]} {[%emt 00:21:23]} Bb4 {[%clk 00:19:31]} {[%emt 00:15:55]} 19. Bxf6
{[%clk 00:22:23]} {[%emt 00:03:42]} Qxf6 {[%clk 00:19:37]} {[%emt 00:00:25]} 20.
Ne5 {[%clk 00:22:30]} {[%emt 00:00:23]} Bd6 {[%clk 00:15:24]} {[%emt 00:04:42]}
21. f4 {[%clk 00:19:12]} {[%emt 00:03:48]} Qe7 {[%clk 00:14:06]} {[%emt
00:01:48]} 22. Re1 {[%clk 00:19:06]} {[%emt 00:00:36]} Bb4 {[%clk 00:13:08]}
{[%emt 00:01:28]} 23. Nd3 {[%clk 00:17:34]} {[%emt 00:02:02]} Bc8 {[%clk
00:12:35]} {[%emt 00:01:03]} 24. Bxc8 {[%clk 00:17:02]} {[%emt 00:01:02]} Raxc8
{[%clk 00:13:04]} {[%emt 00:00:02]} 25. Re2 {[%clk 00:16:36]} {[%emt 00:00:55]}
Nd7 {[%clk 00:11:51]} {[%emt 00:01:43]} 26. Ne5 {[%clk 00:13:47]} {[%emt
00:03:20]} Nf6 {[%clk 00:11:05]} {[%emt 00:01:15]} 27. Na2 {[%clk 00:13:05]}
{[%emt 00:01:11]} Ne4 {[%clk 00:10:54]} {[%emt 00:00:42]} 28. Nxb4 {[%clk
00:11:40]} {[%emt 00:01:55]} axb4 {[%clk 00:11:14]} {[%emt 00:00:11]} 29. a5
{[%clk 00:09:35]} {[%emt 00:02:35]} bxa5 {[%clk 00:08:42]} {[%emt 00:03:02]} 30.
Rxa5 {[%clk 00:09:44]} {[%emt 00:00:21]} f6 {[%clk 00:08:45]} {[%emt 00:00:27]}
31. Nd3 {[%clk 00:08:20]} {[%emt 00:01:54]} Nc3 {[%clk 00:08:39]} {[%emt
00:00:35]} 32. Re1 {[%clk 00:08:34]} {[%emt 00:00:16]} Ra8 {[%clk 00:08:49]}
{[%emt 00:00:20]} 33. Rxa8 {[%clk 00:08:19]} {[%emt 00:00:46]} Rxa8 {[%clk
00:09:16]} {[%emt 00:00:02]} 34. Nc5 {[%clk 00:08:16]} {[%emt 00:00:33]} Ra2
{[%clk 00:08:32]} {[%emt 00:01:14]} 35. Qf5 {[%clk 00:08:11]} {[%emt 00:00:36]}
Ra8 {[%clk 00:03:09]} {[%emt 00:05:53]} 36. e4 {[%clk 00:04:07]} {[%emt
00:04:33]} dxe4 {[%clk 00:02:28]} {[%emt 00:01:12]} 37. Nxe4 {[%clk 00:04:14]}
{[%emt 00:00:23]} Kh8 {[%clk 00:00:53]} {[%emt 00:02:05]} 38. Kg2 {[%clk
00:03:53]} {[%emt 00:00:51]} Qf7 {[%clk 00:00:51]} {[%emt 00:00:31]} 39. Nc5
{[%clk 00:00:56]} {[%emt 00:03:27]} Nb5 {[%clk 00:01:04]} {[%emt 00:00:18]} 40.
Qe6 {[%clk 00:00:32]} {[%emt 00:00:54]} Ra2+ {[%clk 00:00:50]} {[%emt
00:00:44]} 41. Kg1 {[%clk 00:25:04]} {[%emt 00:05:56]} Qxe6 {[%clk 00:27:31]}
{[%emt 00:03:50]} 42. Nxe6 {[%clk 00:23:55]} {[%emt 00:01:39]} Rd2 {[%clk
00:21:44]} {[%emt 00:06:17]} 43. Rc1 {[%clk 00:19:42]} {[%emt 00:04:43]} Nxd4
{[%clk 00:21:16]} {[%emt 00:00:59]} 44. Nxd4 {[%clk 00:20:05]} {[%emt
00:00:07]} Rxd4 {[%clk 00:21:44]} {[%emt 00:00:01]} 45. Rxc6 {[%clk 00:20:33]}
{[%emt 00:00:02]} Rd3 {[%clk 00:22:00]} {[%emt 00:00:14]} 46. Kg2 {[%clk
00:19:29]} {[%emt 00:01:33]} Rxb3 {[%clk 00:21:33]} {[%emt 00:00:58]} 47. Rb6
{[%clk 00:15:27]} {[%emt 00:04:33]} Kh7 {[%clk 00:18:45]} {[%emt 00:03:18]} 48.
f5 {[%clk 00:13:45]} {[%emt 00:02:11]} Rb2+ {[%clk 00:13:11]} {[%emt 00:06:04]}
49. Kg1 {[%clk 00:13:19]} {[%emt 00:00:57]} b3 {[%clk 00:08:11]} {[%emt
00:05:30]} 50. Rb8 {[%clk 00:11:55]} {[%emt 00:01:53]} g5 {[%clk 00:03:48]}
{[%emt 00:04:54]} 51. fxg6+ {[%clk 00:03:44]} {[%emt 00:08:42]} Kxg6 {[%clk
00:04:16]} {[%emt 00:00:01]} 52. Rb5 {[%clk 00:04:06]} {[%emt 00:00:08]} f5
{[%clk 00:04:02]} {[%emt 00:00:43]} 53. h3 {[%clk 00:03:20]} {[%emt 00:01:16]}
Kf6 {[%clk 00:01:26]} {[%emt 00:03:07]} 54. Kh1 {[%clk 00:03:19]} {[%emt
00:00:31]} Ke6 {[%clk 00:01:27]} {[%emt 00:00:28]} 55. Kg1 {[%clk 00:03:38]}
{[%emt 00:00:11]} Kd6 {[%clk 00:01:32]} {[%emt 00:00:25]} 56. g4 {[%clk
00:02:08]} {[%emt 00:02:00]} f4 {[%clk 00:00:55]} {[%emt 00:01:07]} 57. h4
{[%clk 00:02:17]} {[%emt 00:00:22]} Rb1+ {[%clk 00:00:57]} {[%emt 00:00:28]} 58.
Kh2 {[%clk 00:02:06]} {[%emt 00:00:41]} f3 {[%clk 00:00:58]} {[%emt 00:00:29]}
59. Rf5 {[%clk 00:00:49]} {[%emt 00:01:46]} b2 {[%clk 00:01:14]} {[%emt
00:00:14]} 60. Rxf3 {[%clk 00:01:06]} {[%emt 00:00:13]} Rd1 {[%clk 00:01:26]}
{[%emt 00:00:18]} 0-1

[Event "European Chess Club Cup 2023"]
[Site "Durres, Albania"]
[Date "2023.10.05"]
[Round "5.30"]
[White "Markus, Robert"]
[Black "Banas, Kamil"]
[Result "1-0"]
[TimeControl "90' + 30' & 30\""]
[WhiteElo "2578"]
[BlackElo "2217"]

1. Nf3 {[%clk 01:30:55]} {[%emt 00:00:04]} d5 {[%clk 01:30:53]} {[%emt
00:00:08]} 2. g3 {[%clk 01:31:19]} {[%emt 00:00:06]} Bg4 {[%clk 01:30:18]}
{[%emt 00:01:04]} 3. Bg2 {[%clk 01:31:41]} {[%emt 00:00:08]} c6 {[%clk
01:30:38]} {[%emt 00:00:10]} 4. O-O {[%clk 01:31:27]} {[%emt 00:00:45]} Nd7
{[%clk 01:30:01]} {[%emt 00:01:06]} 5. h3 {[%clk 01:31:28]} {[%emt 00:00:30]}
Bh5 {[%clk 01:29:48]} {[%emt 00:00:43]} 6. d3 {[%clk 01:31:43]} {[%emt
00:00:15]} Qc7 {[%clk 01:26:10]} {[%emt 00:04:08]} 7. Qe1 {[%clk 01:26:05]}
{[%emt 00:06:08]} e6 {[%clk 01:24:21]} {[%emt 00:02:19]} 8. e4 {[%clk
01:24:44]} {[%emt 00:01:50]} Bd6 {[%clk 01:21:35]} {[%emt 00:03:16]} 9. exd5
{[%clk 01:20:40]} {[%emt 00:04:34]} cxd5 {[%clk 01:21:54]} {[%emt 00:00:11]} 10.
Nc3 {[%clk 01:21:00]} {[%emt 00:00:11]} Be7 {[%clk 01:08:55]} {[%emt 00:13:28]}
11. Nd4 {[%clk 01:13:09]} {[%emt 00:08:21]} Ngf6 {[%clk 01:02:19]} {[%emt
00:07:07]} 12. g4 {[%clk 01:07:09]} {[%emt 00:06:31]} Bg6 {[%clk 01:00:02]}
{[%emt 00:02:46]} 13. f4 {[%clk 01:05:50]} {[%emt 00:01:49]} Bc5 {[%clk
00:55:17]} {[%emt 00:05:15]} 14. Be3 {[%clk 01:04:00]} {[%emt 00:02:19]} O-O
{[%clk 00:52:35]} {[%emt 00:03:13]} 15. Qf2 {[%clk 01:01:49]} {[%emt 00:02:41]}
h6 {[%clk 00:42:52]} {[%emt 00:10:13]} 16. f5 {[%clk 00:54:47]} {[%emt
00:07:32]} exf5 {[%clk 00:42:18]} {[%emt 00:01:04]} 17. gxf5 {[%clk 00:54:52]}
{[%emt 00:00:25]} Bh7 {[%clk 00:42:01]} {[%emt 00:00:46]} 18. Rae1 {[%clk
00:50:33]} {[%emt 00:04:49]} Rac8 {[%clk 00:38:06]} {[%emt 00:04:25]} 19. Nxd5
{[%clk 00:48:11]} {[%emt 00:02:52]} Nxd5 {[%clk 00:38:30]} {[%emt 00:00:06]} 20.
Bxd5 {[%clk 00:48:35]} {[%emt 00:00:06]} Nf6 {[%clk 00:37:16]} {[%emt
00:01:44]} 21. Bb3 {[%clk 00:41:03]} {[%emt 00:08:02]} a6 {[%clk 00:35:25]}
{[%emt 00:02:21]} 22. c3 {[%clk 00:39:13]} {[%emt 00:02:21]} Qd7 {[%clk
00:33:30]} {[%emt 00:02:25]} 23. Ne6 {[%clk 00:36:29]} {[%emt 00:03:14]} Bxe3
{[%clk 00:32:34]} {[%emt 00:01:25]} 24. Rxe3 {[%clk 00:36:38]} {[%emt
00:00:22]} Rfe8 {[%clk 00:32:13]} {[%emt 00:00:51]} 25. Nc5 {[%clk 00:26:35]}
{[%emt 00:10:32]} Qc6 {[%clk 00:29:55]} {[%emt 00:02:48]} 26. d4 {[%clk
00:25:44]} {[%emt 00:01:22]} b6 {[%clk 00:27:42]} {[%emt 00:02:42]} 27. Nd3
{[%clk 00:24:52]} {[%emt 00:01:22]} Nd7 {[%clk 00:23:48]} {[%emt 00:04:25]} 28.
Rg3 {[%clk 00:20:57]} {[%emt 00:04:26]} Qe4 {[%clk 00:16:02]} {[%emt 00:08:15]}
29. Qf4 {[%clk 00:14:53]} {[%emt 00:06:34]} Qxf4 {[%clk 00:13:36]} {[%emt
00:02:55]} 30. Nxf4 {[%clk 00:13:37]} {[%emt 00:01:47]} Nf6 {[%clk 00:13:31]}
{[%emt 00:00:34]} 31. Nd3 {[%clk 00:13:40]} {[%emt 00:00:27]} Re2 {[%clk
00:12:22]} {[%emt 00:01:39]} 32. Rg2 {[%clk 00:11:04]} {[%emt 00:03:06]} Re3
{[%clk 00:12:30]} {[%emt 00:00:22]} 33. Ne5 {[%clk 00:11:30]} {[%emt 00:00:05]}
Rxh3 {[%clk 00:12:36]} {[%emt 00:00:24]} 34. Bxf7+ {[%clk 00:11:15]} {[%emt
00:00:44]} Kf8 {[%clk 00:12:56]} {[%emt 00:00:10]} 35. Re2 {[%clk 00:10:32]}
{[%emt 00:01:13]} Rg3+ {[%clk 00:12:00]} {[%emt 00:01:26]} 36. Kf2 {[%clk
00:10:08]} {[%emt 00:00:54]} Rg5 {[%clk 00:11:58]} {[%emt 00:00:32]} 37. Bg6
{[%clk 00:09:50]} {[%emt 00:00:49]} Bg8 {[%clk 00:11:31]} {[%emt 00:00:57]} 38.
Rfe1 {[%clk 00:08:50]} {[%emt 00:01:29]} Bxa2 {[%clk 00:10:13]} {[%emt
00:01:49]} 39. Nd7+ {[%clk 00:08:03]} {[%emt 00:01:17]} Kg8 {[%clk 00:10:40]}
{[%emt 00:00:02]} 40. Nxf6+ {[%clk 00:05:58]} {[%emt 00:02:35]} gxf6 {[%clk
00:11:09]} {[%emt 00:00:01]} 41. Re7 {[%clk 00:06:19]} {[%emt 00:00:10]} Bd5
{[%clk 00:02:11]} {[%emt 00:09:26]} 42. c4 {[%clk 00:05:41]} {[%emt 00:01:10]}
Bxc4 {[%clk 00:02:03]} {[%emt 00:00:38]} 43. Rc1 {[%clk 00:05:52]} {[%emt
00:00:19]} Rg2+ {[%clk 00:02:19]} {[%emt 00:00:15]} 44. Kxg2 {[%clk 00:03:43]}
{[%emt 00:02:38]} Bd5+ {[%clk 00:02:44]} {[%emt 00:00:04]} 45. Kg3 {[%clk
00:04:06]} {[%emt 00:00:08]} Rxc1 {[%clk 00:03:09]} {[%emt 00:00:05]} 46. Rd7
{[%clk 00:04:14]} {[%emt 00:00:22]} Be4 {[%clk 00:29:50]} {[%emt 00:03:49]} 47.
Kf4 {[%clk 00:24:06]} {[%emt 00:10:38]} Bg2 {[%clk 00:28:02]} {[%emt 00:02:17]}
48. Bf7+ {[%clk 00:22:03]} {[%emt 00:02:34]} Kh8 {[%clk 00:24:21]} {[%emt
00:04:11]} 49. Kg4 {[%clk 00:18:33]} {[%emt 00:03:59]} Rh1 {[%clk 00:23:34]}
{[%emt 00:01:17]} 50. Bg6 {[%clk 00:15:30]} {[%emt 00:03:34]} Bf1 {[%clk
00:19:44]} {[%emt 00:04:20]} 51. d5 {[%clk 00:14:40]} {[%emt 00:01:20]} h5+
{[%clk 00:17:17]} {[%emt 00:02:57]} 52. Kf3 {[%clk 00:14:54]} {[%emt 00:00:17]}
h4 {[%clk 00:16:46]} {[%emt 00:01:01]} 53. d6 {[%clk 00:12:50]} {[%emt
00:02:34]} Bb5 {[%emt 00:02:01]} 54. Rf7 {[%clk 00:12:15]} Rd1 {[%clk
00:15:29]} {[%emt 00:01:20]} 55. Rxf6 {[%clk 00:12:33]} {[%emt 00:00:12]} h3
{[%clk 00:14:26]} {[%emt 00:01:32]} 56. Kg3 {[%clk 00:10:41]} {[%emt 00:02:22]}
Rd3+ {[%clk 00:13:55]} {[%emt 00:01:01]} 57. Kh2 {[%clk 00:11:06]} {[%emt
00:00:06]} Kg8 {[%clk 00:11:41]} {[%emt 00:02:43]} 58. d7 {[%clk 00:07:49]}
{[%emt 00:03:48]} Bxd7 {[%clk 00:06:42]} {[%emt 00:05:28]} 59. Rxb6 {[%clk
00:08:14]} {[%emt 00:00:06]} Rf3 {[%clk 00:06:41]} {[%emt 00:00:32]} 60. Rb8+
{[%clk 00:07:43]} {[%emt 00:01:00]} Kg7 {[%clk 00:07:06]} {[%emt 00:00:05]} 61.
Rb7 {[%clk 00:08:08]} {[%emt 00:00:06]} Rd3 {[%clk 00:07:25]} {[%emt 00:00:10]}
62. Be8 {[%clk 00:08:22]} {[%emt 00:00:16]} 1-0